| 000 | 00422nam a2200169Ia 4500 | ||
|---|---|---|---|
| 008 | 230524s9999 xx 000 0 und d | ||
| 082 |
_a174.4 _bGUR |
||
| 100 | _aBhag Singh Guru | ||
| 245 | 0 | _aElectric Machinery and Transformers | |
| 250 | _a3RD | ||
| 260 |
_aNEW DELHI _bOxford _c2008 |
||
| 300 | _aXII;693 | ||
| 500 | _aQuantity Number: 5 | ||
| 650 | _aElectrical | ||
| 700 | _a Huseyin R.Hiziroglu | ||
| 942 | _cBK | ||
| 999 |
_c45399 _d45399 |
||